000 00662 a2200181 4500
003 Nust
005 20170207153550.0
040 _cNust
082 _a621.382
100 _aLiaquat, Sadaquat (MSEE-4)
245 _aConvolutional coding and viterbi decoding
_cSadaquat Liaquat
260 _bMCS
_cJanuary 2000
_aRwp
300 _ax, 121 p.
505 _aDigital communication fundamental/background (page-1), Convolutional coding and viterbi decoding (page-20), Description of viterbi algorithm for simulation (page-30), Simulation (page-52), High speed viterbi decoder (page-85).
538 _aAlmirah no.69 shelf no.2
650 _aMSEE Thesis
651 _aMSEE-4
942 _cTHS
999 _c188815
_d188815